<?xml version="1.0" encoding="UTF-8"?>
<record
    xmlns:xsi="http://www.w3.org/2001/XMLSchema-instance"
    xsi:schemaLocation="http://www.loc.gov/MARC21/slim http://www.loc.gov/standards/marcxml/schema/MARC21slim.xsd"
    xmlns="http://www.loc.gov/MARC21/slim">

  <leader>01946nam a22001817a 4500</leader>
  <controlfield tag="003">OSt</controlfield>
  <controlfield tag="005">20250813160549.0</controlfield>
  <controlfield tag="008">241209b        |||||||| |||| 00| 0 eng d</controlfield>
  <datafield tag="040" ind1=" " ind2=" ">
    <subfield code="a">MMSU</subfield>
    <subfield code="c">ULS</subfield>
  </datafield>
  <datafield tag="100" ind1=" " ind2=" ">
    <subfield code="a">Quimoyog, Kyla Mae</subfield>
  </datafield>
  <datafield tag="245" ind1=" " ind2=" ">
    <subfield code="a">Effect of fermented fruit juice concentration as foliar fertilizer supplement on the growth and yield of green chili pepper (Capsicum annuum var. longum) /</subfield>
    <subfield code="c">Kyla Mae Quimoyog</subfield>
  </datafield>
  <datafield tag="260" ind1=" " ind2=" ">
    <subfield code="a">City of Batac :</subfield>
    <subfield code="b">MMSU, </subfield>
    <subfield code="c">2024.</subfield>
  </datafield>
  <datafield tag="300" ind1=" " ind2=" ">
    <subfield code="a">xiii, 67 leaves :</subfield>
    <subfield code="c">29 cm. </subfield>
  </datafield>
  <datafield tag="500" ind1=" " ind2=" ">
    <subfield code="a">Thesis (BS in Agriculture -Major in Horticulture) -- Mariano Marcos State University-College of Agriculture, Food and Sustainable Development, Batac City </subfield>
  </datafield>
  <datafield tag="504" ind1=" " ind2=" ">
    <subfield code="a">Bibliography : leaves 40-44</subfield>
  </datafield>
  <datafield tag="520" ind1=" " ind2=" ">
    <subfield code="a">The field experiment was conducted on the use of Fermented Fruit Juice at 
different concentration applied to green chilli pepper at the Mariano Marcos State 
University-College of Agriculture Food and Sustainable Development from 
December to April 2024. It was conducted to: (1) evaluate the growth and yield 
performance of green chili pepper applied with FFJ; (2) identify the optimum 
concentration of FFJ3 that will induce flowering; and (3) determine the cost and 
return analysis of green chilli pepper applied with FFJ. 
The study involved a field experiment covering a total of 276 m2. Each plot 
size measures 3m x 5m (15 m2) with 1.5 m space between plots and 1.0 m space 
between blocks. The treatments (No FFJ application, 5%, 10% and 15% FFJ) were 
laid out in a Randomized Complete Block Design (RCBD) with three replications. 
Findings of the study reveals no significant differences on the different FFJ 
concentration on growth and yield performance of green chilli pepper. The tested 
concentrations do not significantly impact any of the growth and yield parameters. 
Nevertheless, no application FFJ provided higher net income and return of 
investment. </subfield>
  </datafield>
  <datafield tag="942" ind1=" " ind2=" ">
    <subfield code="2">lcc</subfield>
    <subfield code="c">THEDIS</subfield>
  </datafield>
  <datafield tag="999" ind1=" " ind2=" ">
    <subfield code="c">24282</subfield>
    <subfield code="d">24282</subfield>
  </datafield>
  <datafield tag="952" ind1=" " ind2=" ">
    <subfield code="0">0</subfield>
    <subfield code="1">0</subfield>
    <subfield code="2">lcc</subfield>
    <subfield code="4">0</subfield>
    <subfield code="7">0</subfield>
    <subfield code="a">MMSU_MAIN</subfield>
    <subfield code="b">MMSU_MAIN</subfield>
    <subfield code="c">THESES</subfield>
    <subfield code="d">2024-12-09</subfield>
    <subfield code="i">7501</subfield>
    <subfield code="l">0</subfield>
    <subfield code="p">UTHESIS-7501</subfield>
    <subfield code="r">2024-12-09</subfield>
    <subfield code="w">2024-12-09</subfield>
    <subfield code="y">THEDIS</subfield>
    <subfield code="z">Room Use Only</subfield>
  </datafield>
</record>
